|
|
|
|
| LEADER |
00000nab#a22000007a#4500 |
| 001 |
arbauad007862 |
| 003 |
AR-BaUAD |
| 005 |
20250711110850.0 |
| 008 |
941220|||||||||###||||||b###|0###a|spa|| |
| 040 |
|
|
|a AR-BaUAD
|c AR-BaUAD
|b spa
|
| 245 |
1 |
0 |
|a Urban Conversion of the Schlumberger Factories, Montrouge, Paris, France; design: 1980-81
|
| 300 |
0 |
|
|b cortes, detalles, fot., vistas
|
| 653 |
|
|
|a PIANO, RENZO
|
| 653 |
|
|
|a ESTRUCTURAS URBANAS
|
| 653 |
|
|
|a ARQUITECTURA INDUSTRIAL
|
| 653 |
|
|
|a INDUSTRIAS SCHLUMBERGER
|
| 653 |
|
|
|a PARIS
|
| 653 |
|
|
|a FRANCIA
|
| 773 |
0 |
|
|t GA DOCUMENT
|g no. 14 [1985], p. 84-99
|
| 942 |
|
|
|c ARTI
|
| 952 |
|
|
|0 0
|1 0
|4 0
|7 0
|9 52782
|a AR-BAuAD
|b AR-BAuAD
|d 2025-07-11
|l 0
|p AAQA007862
|r 2025-07-11 11:08:50
|w 2025-07-11
|y ARTI
|
| 990 |
|
|
|a AQ198
|b TD
|
| 998 |
|
|
|a AAQ
|b BIBUN76
|
| 999 |
|
|
|c 32455
|d 32455
|